000 00481cam a2200193ua 4500
001 1872
008 110811n ii |||gr||||Z||||||eng
020 _a81-7096-452-0
040 _cMAIN
082 _a370.1
100 _aBhatia, K. K.,
_eAuthor.
245 1 _aPrinciples of education
_cby K. K. Bhatia
250 _a1st.
260 _aLudhiana:
_bKalyani publishers,997.
300 _avi; 228p:
_c23cm.
653 _aEducation
653 _aPrinciples of education
942 _cBK
999 _c1752
_d1752